[Event "Olimpiada de Khanty-Mansiysk 2010"]
[Site "Khanty-Mansiysk RUS"]
[Date "2010.10.03"]
[Round "11"]
[White "Pridorozhni, Aleksei"]
[Black "Safarli, Eltaj"]
[Result "1-0"]
[WhiteElo "2556"]
[BlackElo "2607"]
[PlyCount "83"]
[EventDate "2010.09.21"]
[EventType "team"]
[EventRounds "11"]
[EventCountry "RUS"]
[Source "lmi"]
[SourceDate "2010.09.21"]
[WhiteTeam "RU3"]
[BlackTeam "Azerbaiyán"]
[BlackTeamCountry "AZE"]

1. e4 c5 2. Nf3 Nc6 3. Bb5 g6 4. Bxc6 bxc6 5. O-O Bg7 6. Re1 Nf6 7. c3 O-O 8.
d4 cxd4 9. cxd4 d6 10. Nc3 Bg4 11. h3 Bxf3 12. Qxf3 Nd7 13. Rd1 Rb8 14. b3 Rb4
15. Ne2 c5 16. Bb2 Rb8 17. Bc3 cxd4 18. Bxd4 Qa5 19. Bxg7 Kxg7 20. Qc3+ Qxc3
21. Nxc3 Rfc8 22. Rac1 Nf6 23. f3 Rc6 24. Kf2 e6 25. Ke3 Rbc8 26. Ne2 e5 27.
Rxc6 Rxc6 28. Rc1 Ra6 29. Nc3 g5 30. g4 h5 31. Kd3 Rc6 32. Rc2 h4 33. b4 Kf8
34. a4 Ke7 35. Nd5+ Nxd5 36. exd5 Rb6 37. b5 Rb7 38. Rc6 Kd7 39. Ke4 Rb8 40.
Kf5 e4 41. fxe4 Re8 42. Kxg5 1-0

[Event "Olimpiada de Khanty-Mansiysk 2010"]
[Site "Khanty-Mansiysk RUS"]
[Date "2010.10.03"]
[Round "11"]
[White "Howell, David W L"]
[Black "Hracek, Zbynek"]
[Result "1-0"]
[WhiteElo "2616"]
[BlackElo "2633"]
[PlyCount "113"]
[EventDate "2010.09.21"]
[EventType "team"]
[EventRounds "11"]
[EventCountry "RUS"]
[Source "lmi"]
[SourceDate "2010.09.21"]
[WhiteTeam "Inglaterra"]
[BlackTeam "Chequia"]
[WhiteTeamCountry "ENG"]
[BlackTeamCountry "CZE"]

1. e4 c5 2. Nf3 d6 3. d4 cxd4 4. Nxd4 Nf6 5. Nc3 Nc6 6. g3 e6 7. Bg2 Bd7 8. O-O
a6 9. a4 Be7 10. h3 O-O 11. Be3 Qc7 12. f4 Na5 13. Bf2 Rac8 14. Nde2 Rfd8 15.
Qd4 Qb8 16. Qd3 Qc7 17. g4 h6 18. Bf3 d5 19. e5 Ne4 20. Nxe4 dxe4 21. Bxe4 Bxa4
22. Qc3 Bc6 23. Bd3 b6 24. b4 Qd7 25. Qd4 Bxb4 26. Qxd7 Rxd7 27. Bxb6 Nb3 28.
Rxa6 Nc5 29. Bxc5 Bxc5+ 30. Kh2 Bb7 31. Ra4 Bc6 32. Rc4 Bd5 33. Rc3 Rdc7 34. h4
g5 35. Kh3 gxh4 36. Rb1 Kg7 37. Ba6 Ra8 38. Rb5 Rxa6 39. Rbxc5 Rxc5 40. Rxc5
Ra4 41. Kxh4 h5 42. Ng3 hxg4 43. Kg5 Kf8 44. Kxg4 Ra1 45. Kg5 Rg1 46. Kf6 Ke8
47. Rc8+ Kd7 48. Rg8 Rg2 49. Kxf7 Rxc2 50. Nh5 Ba2 51. Ra8 Rf2 52. Ra4 Bb3 53.
Rb4 Ba2 54. Ng7 Rh2 55. Rd4+ Kc6 56. Rd6+ Kb7 57. Nxe6 1-0

[Event "Olimpiada de Khanty-Mansiysk 2010"]
[Site "Khanty-Mansiysk RUS"]
[Date "2010.10.03"]
[Round "11"]
[White "Ganguly, Surya Shekhar"]
[Black "Mchedlishvili, Mikheil"]
[Result "1/2-1/2"]
[WhiteElo "2650"]
[BlackElo "2628"]
[PlyCount "87"]
[EventDate "2010.09.21"]
[EventType "team"]
[EventRounds "11"]
[EventCountry "RUS"]
[Source "lmi"]
[SourceDate "2010.09.21"]
[WhiteTeam "India"]
[BlackTeam "Georgia"]
[WhiteTeamCountry "IND"]
[BlackTeamCountry "GEO"]

1. e4 c6 2. d4 d5 3. Nc3 dxe4 4. Nxe4 Bf5 5. Ng3 Bg6 6. h4 h6 7. Nf3 Nd7 8. h5
Bh7 9. Bd3 Bxd3 10. Qxd3 e6 11. Bd2 Ngf6 12. O-O-O Be7 13. Kb1 O-O 14. Ne4 Nxe4
15. Qxe4 Nf6 16. Qe2 Qd5 17. Rde1 c5 18. g4 Nxg4 19. Rhg1 f5 20. Ne5 Nxe5 21.
dxe5 Kh7 22. Bf4 Bg5 23. Bxg5 hxg5 24. Rxg5 Rf7 25. Reg1 Qe4 26. Qd1 Qd5 27.
Qxd5 exd5 28. e6 Re7 29. Rxf5 Rae8 30. b4 cxb4 31. Kb2 b6 32. f4 a5 33. Rfg5
Rxe6 34. Rxg7+ Kh6 35. Rd7 Rf8 36. Rxd5 Rxf4 37. Rd8 Kh7 38. Rd7+ Kh6 39. Rdg7
Ref6 40. R1g3 R4f5 41. Rg8 Kh7 42. R3g5 Rxg5 43. Rxg5 Rc6 44. Rb5 1/2-1/2

[Event "Olimpiada de Khanty-Mansiysk 2010"]
[Site "Khanty-Mansiysk RUS"]
[Date "2010.10.03"]
[Round "11"]
[White "Pantsulaia, Levan"]
[Black "Gopal Narayanan, Geetha"]
[Result "0-1"]
[WhiteElo "2599"]
[BlackElo "2603"]
[PlyCount "94"]
[EventDate "2010.09.21"]
[EventType "team"]
[EventRounds "11"]
[EventCountry "RUS"]
[Source "lmi"]
[SourceDate "2010.09.21"]
[WhiteTeam "Georgia"]
[BlackTeam "India"]
[WhiteTeamCountry "GEO"]
[BlackTeamCountry "IND"]

1. d4 Nf6 2. c4 g6 3. Nc3 d5 4. Bg5 Bg7 5. Bxf6 Bxf6 6. cxd5 c6 7. e4 O-O 8. e5
Bg7 9. Bc4 b5 10. Bb3 a5 11. a4 b4 12. Nce2 cxd5 13. h4 Ba6 14. h5 Nc6 15. hxg6
fxg6 16. Qc1 Qd7 17. Qe3 e6 18. Qh3 h6 19. Qe3 Rac8 20. Nf3 Qf7 21. Rh3 Ne7 22.
g4 g5 23. Nfg1 Ng6 24. f3 Nh4 25. Kf2 Qg6 26. Rd1 Bc4 27. Rd2 Bxb3 28. Qxb3 Rc4
29. Qd3 Qxd3 30. Rxd3 Rc2 31. b3 Rb2 32. Rh2 Ng6 33. Nh3 Rc8 34. Rh1 Bf8 35.
Ke3 Rcc2 36. Re1 Nh4 37. Kf2 Rc3 38. Rxc3 bxc3 39. Rc1 Bb4 40. Ke3 Ng2+ 41. Kf2
Nf4 42. Nhxf4 gxf4 43. Rh1 Rd2 44. Rxh6 c2 45. Rh1 Bc3 46. Rc1 Bxd4+ 47. Ke1
Be3 0-1

[Event "Olimpiada de Khanty-Mansiysk 2010"]
[Site "Khanty-Mansiysk RUS"]
[Date "2010.10.03"]
[Round "11"]
[White "Zhigalko, Sergei"]
[Black "Berg, Emanuel"]
[Result "1-0"]
[WhiteElo "2640"]
[BlackElo "2616"]
[PlyCount "133"]
[EventDate "2010.09.21"]
[EventType "team"]
[EventRounds "11"]
[EventCountry "RUS"]
[Source "lmi"]
[SourceDate "2010.09.21"]
[WhiteTeam "Bielorusia"]
[BlackTeam "Suecia"]
[WhiteTeamCountry "BLR"]
[BlackTeamCountry "SWE"]

1. d4 Nf6 2. c4 g6 3. Nc3 Bg7 4. e4 d6 5. Nf3 O-O 6. h3 e5 7. d5 a5 8. Bg5 Na6
9. Be2 Qe8 10. Nd2 Nd7 11. a3 Nb6 12. Be3 Bd7 13. b3 f5 14. O-O Qe7 15. Rb1 Nc5
16. Nb5 c6 17. Nxd6 Qxd6 18. b4 axb4 19. axb4 Nca4 20. c5 Qf6 21. dxc6 Qxc6 22.
cxb6 Nc3 23. Qb3+ Kh8 24. Rbe1 Nxe2+ 25. Rxe2 Be6 26. Qb1 Ra2 27. Rd1 Qc3 28.
exf5 gxf5 29. Ne4 Qa3 30. Nc5 Rxe2 31. Nxe6 Rb2 32. Qc1 Qb3 33. Nxf8 Rc2 34.
Qa1 Ra2 35. Qc1 Rc2 36. Qa1 Ra2 37. Qb1 Qxb1 38. Rxb1 Bxf8 39. Rc1 Bxb4 40. Bh6
Kg8 41. Rc7 Bd2 42. Bxd2 Rxd2 43. Rxb7 Rb2 44. g4 fxg4 45. hxg4 Kf8 46. g5 e4
47. Kf1 Ke8 48. Kg1 Kf8 49. Rb8+ Ke7 50. b7 Kd6 51. Kg2 Kc7 52. Re8 Rxb7 53.
Rxe4 Kd8 54. Kg3 Rb6 55. Kg4 h6 56. f4 hxg5 57. fxg5 Rb7 58. Kh5 Rh7+ 59. Kg6
Rh1 60. Kf6 Rf1+ 61. Kg7 Kd7 62. g6 Rh1 63. Kg8 Kd6 64. g7 Kd5 65. Re7 Kd6 66.
Kf8 Rg1 67. Rf7 1-0

[Event "Olimpiada de Khanty-Mansiysk 2010"]
[Site "Khanty-Mansiysk RUS"]
[Date "2010.10.03"]
[Round "11"]
[White "Agrest, Evgenij"]
[Black "Zhigalko, Andrey"]
[Result "1-0"]
[WhiteElo "2585"]
[BlackElo "2580"]
[PlyCount "77"]
[EventDate "2010.09.21"]
[EventType "team"]
[EventRounds "11"]
[EventCountry "RUS"]
[Source "lmi"]
[SourceDate "2010.09.21"]
[WhiteTeam "Suecia"]
[BlackTeam "Bielorusia"]
[WhiteTeamCountry "SWE"]
[BlackTeamCountry "BLR"]

1. Nf3 Nf6 2. c4 g6 3. Nc3 Bg7 4. g3 d5 5. cxd5 Nxd5 6. Bg2 Nb6 7. d3 Nc6 8.
Be3 e5 9. Qc1 Nd4 10. h4 h6 11. Ne4 Nf5 12. Bd2 Nd6 13. Nc5 Qe7 14. e4 Ndc4 15.
dxc4 Qxc5 16. b3 h5 17. O-O a5 18. Rb1 Nd7 19. Rd1 Qe7 20. Bh3 Nc5 21. Bxc8
Rxc8 22. Qc2 b6 23. b4 axb4 24. Bxb4 O-O 25. Rd5 c6 26. Bxc5 bxc5 27. Rd3 Ra8
28. Rbd1 Ra7 29. a3 Rfa8 30. Qc1 Bf6 31. Kg2 Kg7 32. Nh2 Ra4 33. Nf1 Qa7 34.
Rd7 Qa6 35. Ne3 Rxa3 36. R1d6 Ra1 37. Qd2 Qb6 38. Rxf6 Kxf6 39. Nf5 1-0

[Event "Olimpiada de Khanty-Mansiysk 2010"]
[Site "Khanty-Mansiysk RUS"]
[Date "2010.10.03"]
[Round "11"]
[White "Grandelius, Nils"]
[Black "Stupak, Kirill"]
[Result "0-1"]
[WhiteElo "2500"]
[BlackElo "2502"]
[PlyCount "148"]
[EventDate "2010.09.21"]
[EventType "team"]
[EventRounds "11"]
[EventCountry "RUS"]
[Source "lmi"]
[SourceDate "2010.09.21"]
[WhiteTeam "Suecia"]
[BlackTeam "Bielorusia"]
[WhiteTeamCountry "SWE"]
[BlackTeamCountry "BLR"]

1. d4 e6 2. Nf3 Nf6 3. c4 Bb4+ 4. Nbd2 d5 5. Qa4+ Nc6 6. a3 Bxd2+ 7. Bxd2 Ne4
8. Qc2 Nxd2 9. Qxd2 O-O 10. e3 Ne7 11. Rc1 dxc4 12. Bxc4 b6 13. O-O Bb7 14. Qe2
Bxf3 15. Qxf3 c6 16. g3 Rc8 17. Rfd1 Qd6 18. Kg2 Rfd8 19. h4 Rc7 20. Bd3 Qd5
21. Be4 Qb5 22. Rc2 f5 23. Bd3 Qd5 24. e4 fxe4 25. Bxe4 Qd7 26. Rd3 Nd5 27. b4
Qd6 28. Rd1 Rf8 29. Qd3 h6 30. Rdc1 Rfc8 31. Qe2 Ne7 32. Qg4 Kh8 33. b5 Qxd4
34. bxc6 Qf6 35. Rc3 Nd5 36. Rf3 Qe7 37. Bb1 Nf6 38. Qa4 Rd8 39. Re3 Rd2 40.
Rc2 Rd6 41. Ba2 Qe8 42. Rce2 Qxc6+ 43. Qxc6 Rdxc6 44. Bxe6 Rc3 45. Bf5 Rxe3 46.
Rxe3 g5 47. hxg5 hxg5 48. Kf3 Kg7 49. Re5 Rc3+ 50. Re3 Rc5 51. Be6 Kg6 52. g4
Kg7 53. Ba2 Kf8 54. Kg3 Rc3 55. Kf3 Rxe3+ 56. fxe3 Ke7 57. Bb1 Kd6 58. Bf5 Kc5
59. Bd3 b5 60. Bf1 a5 61. Be2 a4 62. Bd3 b4 63. axb4+ Kxb4 64. Bf5 a3 65. Be6
Nd7 66. Ba2 Nc5 67. e4 Nd7 68. e5 Nxe5+ 69. Ke4 Nxg4 70. Kf5 Nf2 71. Kxg5 Kc3
72. Kf4 Kb2 73. Bf7 Nd3+ 74. Ke3 Nc5 0-1

[Event "Olimpiada de Khanty-Mansiysk 2010"]
[Site "Khanty-Mansiysk RUS"]
[Date "2010.10.03"]
[Round "11"]
[White "Kovacevic, Aleksandar"]
[Black "L'Ami, Erwin"]
[Result "1/2-1/2"]
[WhiteElo "2582"]
[BlackElo "2624"]
[PlyCount "54"]
[EventDate "2010.09.21"]
[EventType "team"]
[EventRounds "11"]
[EventCountry "RUS"]
[Source "lmi"]
[SourceDate "2010.09.21"]
[WhiteTeam "SRB"]
[BlackTeam "Holanda"]
[BlackTeamCountry "NED"]

1. e4 e5 2. Nf3 Nc6 3. Bb5 Nf6 4. d3 d6 5. O-O Bd7 6. c4 Be7 7. Nc3 O-O 8. h3
a6 9. Ba4 Re8 10. Be3 Bf8 11. Re1 h6 12. a3 Nb8 13. d4 Bxa4 14. Qxa4 exd4 15.
Bxd4 Nbd7 16. Rad1 c6 17. e5 dxe5 18. Nxe5 Qc7 19. Nxd7 Nxd7 20. Qc2 Nc5 21.
Ne4 Nxe4 22. Rxe4 Rxe4 23. Qxe4 Rd8 24. Rd2 Qe7 25. Qxe7 Bxe7 26. Bc3 Rxd2 27.
Bxd2 f5 1/2-1/2

[Event "Olimpiada de Khanty-Mansiysk 2010"]
[Site "Khanty-Mansiysk RUS"]
[Date "2010.10.03"]
[Round "11"]
[White "Giri, Anish"]
[Black "Vuckovic, Bojan"]
[Result "1/2-1/2"]
[WhiteElo "2677"]
[BlackElo "2615"]
[PlyCount "134"]
[EventDate "2010.09.21"]
[EventType "team"]
[EventRounds "11"]
[EventCountry "RUS"]
[Source "lmi"]
[SourceDate "2010.09.21"]
[WhiteTeam "Holanda"]
[BlackTeam "SRB"]
[WhiteTeamCountry "NED"]

1. Nf3 Nf6 2. c4 c5 3. Nc3 e6 4. g3 b6 5. Bg2 Bb7 6. O-O Be7 7. d4 cxd4 8. Qxd4
d6 9. Bg5 a6 10. Bxf6 Bxf6 11. Qf4 O-O 12. Rfd1 Be7 13. Ne4 Bxe4 14. Qxe4 Ra7
15. Nd4 Rc7 16. b3 Re8 17. e3 Qc8 18. Qb1 Nd7 19. a4 Rc5 20. Ra2 Bf6 21. Rad2
Be7 22. Rc2 Ne5 23. h3 g6 24. Qa2 Bf8 25. f4 Nd7 26. b4 Rc7 27. b5 a5 28. Nc6
Nb8 29. Qb3 Nxc6 30. bxc6 Rxc6 31. Bxc6 Qxc6 32. Kf2 Rc8 33. Rcc1 Be7 34. Qb5
h5 35. Qxc6 Rxc6 36. Ke2 Kf8 37. Kd3 Ke8 38. e4 Kd7 39. Rb1 f5 40. Re1 Bf6 41.
Rb5 e5 42. fxe5 dxe5 43. c5 bxc5 44. Kc4 Rd6 45. Rxc5 Rd4+ 46. Kb5 fxe4 47. Rc4
Rd5+ 48. Kb6 Bd8+ 49. Ka6 Be7 50. Rexe4 Bb4 51. g4 hxg4 52. Rxg4 Rd6+ 53. Kb7
Ke7 54. Rc6 Ke6 55. Kb6 Kd5 56. Rxd6+ Kxd6 57. Rxg6+ Kd5 58. h4 e4 59. Rg8 e3
60. Re8 Kd4 61. h5 Kd3 62. h6 e2 63. h7 Bc3 64. Ka6 Kd2 65. Rd8+ Kc2 66. Rc8
e1=Q 67. h8=Q Qe2+ 1/2-1/2

[Event "Olimpiada de Khanty-Mansiysk 2010"]
[Site "Khanty-Mansiysk RUS"]
[Date "2010.10.03"]
[Round "11"]
[White "Ivanisevic, Ivan"]
[Black "Stellwagen, Daniel"]
[Result "0-1"]
[WhiteElo "2613"]
[BlackElo "2635"]
[PlyCount "116"]
[EventDate "2010.09.21"]
[EventType "team"]
[EventRounds "11"]
[EventCountry "RUS"]
[Source "lmi"]
[SourceDate "2010.09.21"]
[WhiteTeam "SRB"]
[BlackTeam "Holanda"]
[BlackTeamCountry "NED"]

1. d4 Nf6 2. c4 g6 3. f3 Bg7 4. e4 d6 5. Ne2 O-O 6. Be3 a6 7. Nec3 c6 8. c5
Nbd7 9. Na3 b5 10. cxb6 Qxb6 11. Qd2 Rb8 12. Nc4 Qd8 13. Be2 d5 14. Ne5 Bb7 15.
O-O dxe4 16. Nxd7 Nxd7 17. fxe4 e5 18. d5 cxd5 19. Nxd5 Bxd5 20. Qxd5 Rxb2 21.
Bxa6 Nf6 22. Qxd8 Rxd8 23. Bc4 Nxe4 24. Bxf7+ Kh8 25. Rad1 Rdb8 26. Rd3 Bf8 27.
Bd5 Nd6 28. a4 Nf5 29. Ba7 R8b4 30. a5 Ra4 31. Bb6 h5 32. Rc3 Bb4 33. Rc8+ Kh7
34. Ra8 Bc3 35. Ra7+ Kh6 36. Rb7 Rd2 37. Be6 Bd4+ 38. Kh1 Ne3 39. Rg1 Nd1 40.
Re1 Nf2+ 41. Kg1 Nd3+ 42. Bxd4 exd4 43. Rf1 Nc5 44. Rb6 Nxe6 45. Rxe6 Rxa5 46.
Kh1 Raa2 47. Rg1 Rf2 48. Rd6 Rad2 49. h3 Kg5 50. Re1 Rxg2 51. Rxd4 Rh2+ 52. Kg1
Rhg2+ 53. Kh1 Rh2+ 54. Kg1 Rdg2+ 55. Kf1 Rf2+ 56. Kg1 Rfg2+ 57. Kf1 Rb2 58. h4+
Rxh4 0-1

[Event "Olimpiada de Khanty-Mansiysk 2010"]
[Site "Khanty-Mansiysk RUS"]
[Date "2010.10.03"]
[Round "11"]
[White "Bezgodov, Alexei"]
[Black "Ftacnik, Lubomir"]
[Result "1-0"]
[WhiteElo "2485"]
[BlackElo "2568"]
[PlyCount "71"]
[EventDate "2010.09.21"]
[EventType "team"]
[EventRounds "11"]
[EventCountry "RUS"]
[Source "lmi"]
[SourceDate "2010.09.21"]
[WhiteTeam "RU4"]
[BlackTeam "Eslovaquia"]
[BlackTeamCountry "SVK"]

1. e4 c5 2. Nf3 d6 3. d4 cxd4 4. Nxd4 Nf6 5. Nc3 e6 6. g4 h6 7. h3 Nc6 8. Bg2
a6 9. Be3 Ne5 10. f4 Nc4 11. Bc1 e5 12. Nf5 g6 13. Ne3 Nxe3 14. Bxe3 Be7 15.
Qd2 b5 16. O-O-O b4 17. Nd5 Nxd5 18. exd5 exf4 19. Bxf4 a5 20. Rde1 g5 21.
Rxe7+ Kxe7 22. Be3 Ba6 23. Re1 Kd7 24. Bf1 Bxf1 25. Rxf1 Re8 26. Qd3 Re7 27.
Bd4 Qe8 28. Rf6 Re1+ 29. Kd2 Rh1 30. Qf5+ Kd8 31. Rxd6+ Ke7 32. Qf6+ Kf8 33.
Qxh6+ Ke7 34. Qf6+ Kf8 35. Qg7+ Ke7 36. Re6+ 1-0

[Event "Olimpiada de Khanty-Mansiysk 2010"]
[Site "Khanty-Mansiysk RUS"]
[Date "2010.10.03"]
[Round "11"]
[White "Markos, Jan"]
[Black "Genba, Vladimir"]
[Result "1-0"]
[WhiteElo "2566"]
[BlackElo "2445"]
[PlyCount "125"]
[EventDate "2010.09.21"]
[EventType "team"]
[EventRounds "11"]
[EventCountry "RUS"]
[Source "lmi"]
[SourceDate "2010.09.21"]
[WhiteTeam "Eslovaquia"]
[BlackTeam "RU4"]
[WhiteTeamCountry "SVK"]

1. d4 d5 2. c4 e6 3. Nf3 c5 4. cxd5 exd5 5. g3 Nc6 6. Bg2 Nf6 7. Nc3 Be7 8. O-O
O-O 9. Bg5 cxd4 10. Nxd4 Be6 11. Nxe6 fxe6 12. Bh3 Kh8 13. Rc1 Qd7 14. Bxf6
Bxf6 15. Ne4 Qf7 16. Nxf6 Qxf6 17. Qd2 Rad8 18. Rc3 Qe7 19. Bg2 e5 20. Rd3 Nb4
21. Rf3 Rxf3 22. Bxf3 e4 23. Bg2 d4 24. Bxe4 Qxe4 25. Qxb4 Qxe2 26. Re1 Qh5 27.
Qxb7 h6 28. Qe7 Qd5 29. Re5 Qa8 30. Qf7 Rc8 31. Qd5 Qxd5 32. Rxd5 Rc2 33. Rxd4
Rxb2 34. Ra4 Rb7 35. Ra6 h5 36. Kg2 Kh7 37. h4 g6 38. a4 Kg7 39. Kf3 Re7 40.
Kf4 Kh6 41. Ra5 Kg7 42. Kg5 Rc7 43. Ra6 Rc5+ 44. Kf4 Rf5+ 45. Ke3 Rf7 46. a5
Rd7 47. Ke4 Re7+ 48. Kd5 Rd7+ 49. Rd6 Rf7 50. Kc6 Rxf2 51. Kb7 Rf7+ 52. Kb8 a6
53. Rxa6 Rf8+ 54. Kb7 Rf7+ 55. Kb6 Rf6+ 56. Kb5 Rf5+ 57. Kb4 Rf1 58. Rb6 Rb1+
59. Kc5 Ra1 60. a6 Ra3 61. Kc6 Rxg3 62. a7 Ra3 63. Kb7 1-0

[Event "Olimpiada de Khanty-Mansiysk 2010"]
[Site "Khanty-Mansiysk RUS"]
[Date "2010.10.03"]
[Round "11"]
[White "Iljiushenok, Ilia"]
[Black "Petrik, Tomas"]
[Result "0-1"]
[WhiteElo "2412"]
[BlackElo "2528"]
[PlyCount "102"]
[EventDate "2010.09.21"]
[EventType "team"]
[EventRounds "11"]
[EventCountry "RUS"]
[Source "lmi"]
[SourceDate "2010.09.21"]
[WhiteTeam "RU4"]
[BlackTeam "Eslovaquia"]
[BlackTeamCountry "SVK"]

1. d4 e6 2. c4 Nf6 3. Nc3 Bb4 4. e3 O-O 5. Nge2 d5 6. a3 Be7 7. cxd5 exd5 8. g3
c6 9. Bg2 Na6 10. O-O Nc7 11. b3 a6 12. Qd3 Nb5 13. Bb2 Re8 14. b4 Nd6 15. f3
a5 16. Rab1 b6 17. Bc1 Ba6 18. Qc2 axb4 19. axb4 Bf8 20. Re1 c5 21. bxc5 bxc5
22. Kf2 Bxe2 23. Rxe2 Nc4 24. Rb5 Rc8 25. Bh3 Rc7 26. Qd3 g6 27. Na4 cxd4 28.
exd4 Nd6 29. Rb1 Rxe2+ 30. Qxe2 Rc4 31. Qd1 Qa5 32. Nc5 Nde4+ 33. fxe4 Rxd4 34.
Qc2 Bxc5 35. Kg2 Rxe4 36. Bh6 Re8 37. Rf1 Bd4 38. Kh1 Qa6 39. Qd2 Qb6 40. Bg2
Ne4 41. Qf4 Nf2+ 42. Rxf2 Bxf2 43. Bxd5 Qa7 44. Qf3 Bd4 45. Bf4 Re1+ 46. Kg2
Rg1+ 47. Kh3 Qd7+ 48. Kh4 Bf6+ 49. Bg5 Bxg5+ 50. Kxg5 Re1 51. Kh6 Qh3+ 0-1

[Event "Olimpiada de Khanty-Mansiysk 2010"]
[Site "Khanty-Mansiysk RUS"]
[Date "2010.10.03"]
[Round "11"]
[White "Milos, Gilberto"]
[Black "Lenic, Luka"]
[Result "0-1"]
[WhiteElo "2599"]
[BlackElo "2603"]
[PlyCount "140"]
[EventDate "2010.09.21"]
[EventType "team"]
[EventRounds "11"]
[EventCountry "RUS"]
[Source "lmi"]
[SourceDate "2010.09.21"]
[WhiteTeam "Brasil"]
[BlackTeam "Eslovenia"]
[WhiteTeamCountry "BRA"]
[BlackTeamCountry "SLO"]

1. e4 e5 2. Nf3 Nc6 3. Bb5 a6 4. Ba4 Nf6 5. O-O b5 6. Bb3 Bc5 7. a4 Rb8 8. c3
O-O 9. d4 Bb6 10. dxe5 Ng4 11. a5 Ba7 12. Bf4 Qe7 13. Na3 Ngxe5 14. Nxe5 Nxe5
15. Nc2 Bb7 16. Nb4 d6 17. Nd5 Qd8 18. Re1 Bxd5 19. Bxd5 Qf6 20. Be3 Bxe3 21.
Rxe3 c6 22. Bb3 Nc4 23. Re2 Qe5 24. Qd3 Qc5 25. Qd4 Qxd4 26. cxd4 Rfe8 27. f4
c5 28. d5 Nxb2 29. Rxb2 Rxe4 30. g3 Rbe8 31. Bd1 Re1+ 32. Kg2 c4 33. Rbb1 g6
34. Bf3 Rxb1 35. Rxb1 Re3 36. Ra1 Rb3 37. Kf2 Rb2+ 38. Ke3 Rb3+ 39. Ke2 Rb2+
40. Ke3 Rxh2 41. Be2 h5 42. Rc1 Rh3 43. Kf2 h4 44. gxh4 Ra3 45. h5 Rxa5 46. Rg1
Kh7 47. hxg6+ fxg6 48. Ke3 Ra3+ 49. Kd4 Kh6 50. Rf1 Ra2 51. Ke3 Ra3+ 52. Kd4
Ra2 53. Ke3 Kg7 54. Rc1 Kf6 55. Bxc4 bxc4 56. Rxc4 Kf5 57. Rc6 Ra3+ 58. Ke2
Kxf4 59. Rxd6 Ra2+ 60. Kf1 g5 61. Rf6+ Kg3 62. d6 Rd2 63. d7 Rd1+ 64. Ke2 Rxd7
65. Rxa6 Rf7 66. Ra3+ Kg2 67. Re3 g4 68. Re8 g3 69. Re6 Rh7 70. Ke1 Kh1 0-1

[Event "Olimpiada de Khanty-Mansiysk 2010"]
[Site "Khanty-Mansiysk RUS"]
[Date "2010.10.03"]
[Round "11"]
[White "Diamant, Andre"]
[Black "Sebenik, Matej"]
[Result "1-0"]
[WhiteElo "2498"]
[BlackElo "2516"]
[PlyCount "105"]
[EventDate "2010.09.21"]
[EventType "team"]
[EventRounds "11"]
[EventCountry "RUS"]
[Source "lmi"]
[SourceDate "2010.09.21"]
[WhiteTeam "Brasil"]
[BlackTeam "Eslovenia"]
[WhiteTeamCountry "BRA"]
[BlackTeamCountry "SLO"]

1. e4 e6 2. d3 d5 3. Nd2 c5 4. Ngf3 Nc6 5. g3 Bd6 6. Bg2 Nge7 7. O-O O-O 8. Nh4
Qc7 9. f4 f6 10. Re1 Bd7 11. exd5 exd5 12. c4 Nb4 13. Nf1 d4 14. a3 Nbc6 15.
Nd2 g5 16. fxg5 fxg5 17. Nhf3 h6 18. Ne4 Bg4 19. Qe2 Ng6 20. Nf2 Bf5 21. Nd2
Nge5 22. Nde4 Rae8 23. Qh5 Kg7 24. b4 Bg6 25. Qe2 b6 26. bxc5 Bxc5 27. Bd2 Qf7
28. Kh1 Bh5 29. g4 Bg6 30. Rf1 Qe7 31. a4 Bb4 32. Bxb4 Nxb4 33. Rae1 Nexd3 34.
Nxd3 Bxe4 35. Bxe4 Qxe4+ 36. Qxe4 Rxe4 37. Nxb4 Rxf1+ 38. Rxf1 Rxg4 39. Nd3 Re4
40. a5 Re3 41. Rd1 Kf6 42. Nf2 Re2 43. Kg2 Ke5 44. axb6 axb6 45. Rb1 Rc2 46.
Rxb6 h5 47. Rb5+ Kf4 48. Rd5 d3 49. Rxd3 Rxc4 50. Rf3+ Ke5 51. Rf8 Rc3 52. Rg8
Kf4 53. Rxg5 1-0

[Event "Olimpiada de Khanty-Mansiysk 2010"]
[Site "Khanty-Mansiysk RUS"]
[Date "2010.10.03"]
[Round "11"]
[White "Sepp, Olav"]
[Black "Laylo, Darwin"]
[Result "1/2-1/2"]
[WhiteElo "2485"]
[BlackElo "2522"]
[PlyCount "54"]
[EventDate "2010.09.21"]
[EventType "team"]
[EventRounds "11"]
[EventCountry "RUS"]
[Source "lmi"]
[SourceDate "2010.09.21"]
[WhiteTeam "Estonia"]
[BlackTeam "Filipinas"]
[WhiteTeamCountry "EST"]
[BlackTeamCountry "PHI"]

1. Nf3 Nf6 2. g3 d5 3. Bg2 c6 4. O-O Bg4 5. d3 e6 6. c4 Nbd7 7. cxd5 cxd5 8.
Nc3 Bd6 9. h3 Bxf3 10. Bxf3 O-O 11. e4 dxe4 12. dxe4 Be5 13. Be3 Qa5 14. Bd2
Qb6 15. Rb1 Rfd8 16. Qe2 Nc5 17. Be3 Qc6 18. Rfc1 Nd3 19. Rd1 Qc4 20. Rd2 Rd7
21. Rbd1 Rad8 22. Nd5 exd5 23. Qxd3 Qxd3 24. Rxd3 dxe4 25. Rxd7 Rxd7 26. Rxd7
Nxd7 27. Bxe4 b6 1/2-1/2

[Event "Olimpiada de Khanty-Mansiysk 2010"]
[Site "Khanty-Mansiysk RUS"]
[Date "2010.10.03"]
[Round "11"]
[White "Le, Quang Liem"]
[Black "Ghaem, Maghami Ehsan"]
[Result "1/2-1/2"]
[WhiteElo "2694"]
[BlackElo "2594"]
[PlyCount "75"]
[EventDate "2010.09.21"]
[EventType "team"]
[EventRounds "11"]
[EventCountry "RUS"]
[Source "lmi"]
[SourceDate "2010.09.21"]
[WhiteTeam "Vietnam"]
[BlackTeam "Irán"]
[WhiteTeamCountry "VIE"]
[BlackTeamCountry "IRI"]

1. Nf3 d5 2. d4 Nf6 3. c4 e6 4. g3 Bb4+ 5. Bd2 Be7 6. Bg2 c6 7. Qc2 Nbd7 8. O-O
b6 9. Bf4 Ba6 10. b3 Rc8 11. Rd1 O-O 12. Nc3 dxc4 13. bxc4 Bxc4 14. Nd2 b5 15.
Nxc4 bxc4 16. Na4 Nd5 17. Bd2 N5b6 18. e4 Qc7 19. Nxb6 axb6 20. Qxc4 e5 21.
Rac1 c5 22. d5 Ra8 23. a4 Ra7 24. Qb5 Rfa8 25. Ra1 c4 26. Bc3 Bc5 27. Qc6 Bd6
28. Rdb1 Qxc6 29. dxc6 Nc5 30. Rxb6 Rxa4 31. Rd1 Nd3 32. Bf1 R4a6 33. Rdb1 Rxb6
34. Rxb6 Kf8 35. Kg2 Ra2 36. Bxd3 cxd3 37. Bb4 Bxb4 38. Rxb4 1/2-1/2

[Event "Olimpiada de Khanty-Mansiysk 2010"]
[Site "Khanty-Mansiysk RUS"]
[Date "2010.10.03"]
[Round "11"]
[White "Nguyen, Anh Dung"]
[Black "Toufighi, Homayoon"]
[Result "1/2-1/2"]
[WhiteElo "2500"]
[BlackElo "2499"]
[PlyCount "52"]
[EventDate "2010.09.21"]
[EventType "team"]
[EventRounds "11"]
[EventCountry "RUS"]
[Source "lmi"]
[SourceDate "2010.09.21"]
[WhiteTeam "Vietnam"]
[BlackTeam "Irán"]
[WhiteTeamCountry "VIE"]
[BlackTeamCountry "IRI"]

1. d4 d5 2. c4 e6 3. Nc3 Be7 4. Bf4 Nf6 5. e3 O-O 6. Nf3 Nbd7 7. Bd3 c5 8. cxd5
Nxd5 9. Nxd5 exd5 10. dxc5 Nxc5 11. O-O Bg4 12. Be2 Bf6 13. h3 Bh5 14. Rc1 Ne6
15. Bg3 Qa5 16. Qb3 d4 17. exd4 Bxf3 18. Bxf3 Nxd4 19. Qxb7 Nxf3+ 20. Qxf3 Qxa2
21. b3 Rac8 22. Qb7 Rc2 23. Rxc2 Qxc2 24. Qxa7 Qxb3 25. Re1 h5 26. Qe3 Qxe3
1/2-1/2

[Event "Olimpiada de Khanty-Mansiysk 2010"]
[Site "Khanty-Mansiysk RUS"]
[Date "2010.10.03"]
[Round "11"]
[White "Golizadeh, Asghar"]
[Black "Dao, Thien Hai"]
[Result "1-0"]
[WhiteElo "2481"]
[BlackElo "2520"]
[PlyCount "101"]
[EventDate "2010.09.21"]
[EventType "team"]
[EventRounds "11"]
[EventCountry "RUS"]
[Source "lmi"]
[SourceDate "2010.09.21"]
[WhiteTeam "Irán"]
[BlackTeam "Vietnam"]
[WhiteTeamCountry "IRI"]
[BlackTeamCountry "VIE"]

1. e4 c5 2. Nf3 d6 3. d4 cxd4 4. Nxd4 Nf6 5. Nc3 a6 6. Bc4 e6 7. O-O Qc7 8. Bb3
Nbd7 9. Bxe6 fxe6 10. Nxe6 Qb8 11. Nd5 Nxd5 12. exd5 Nf6 13. Re1 Bxe6 14. Bg5
Be7 15. Rxe6 Kf7 16. Qe2 Bd8 17. Re1 Qc7 18. Rxf6+ Bxf6 19. Qe6+ Kg6 20. Bxf6
Qc8 21. Qe7 gxf6 22. Re3 Qe8 23. Qxd6 Qd8 24. Rg3+ Kf7 25. Qe6+ Kf8 26. d6 Rc8
27. Rf3 Kg7 28. Rg3+ Kf8 29. Qg4 Kf7 30. Qg7+ Ke6 31. Re3+ Kxd6 32. Rd3+ Kc6
33. Rxd8 Rhxd8 34. Qxf6+ Kc7 35. Qf4+ Kb6 36. Qe3+ Kc7 37. h4 Kb8 38. c3 Ka8
39. g3 Rd1+ 40. Kg2 Rcd8 41. a4 R1d2 42. b4 R8d3 43. Qe5 Ka7 44. Qc5+ Kb8 45.
b5 axb5 46. axb5 Rd5 47. Qf8+ Rd8 48. Qf4+ Ka7 49. Qc7 R8d6 50. Qa5+ Kb8 51. b6
1-0